| 000 | 00934nam a22003257a 4500 | ||
|---|---|---|---|
| 001 | 0053982 | ||
| 003 | KOHA_MİRAKIL | ||
| 005 | 20260207003933.0 | ||
| 007 | ta | ||
| 008 | 151112b2015 tu |||gr||||#0|||1|tur | | ||
| 020 | _a9786056527272 | ||
| 040 |
_aTR-BiSEU _btur _cTR-BiSEU _erda |
||
| 041 | 0 | _atur | |
| 044 | _ctu | ||
| 050 |
_aPL248.A25 _bH47 2015 |
||
| 100 | 1 | _aAçıkgöz, Ekin . | |
| 245 | 1 |
_aHer işte bir hayır vardır/ _cEkin Açıkgöz ; Ekin Açıkgöz. |
|
| 264 | 1 |
_aAnkara : _bAyizi Kitap _c2015 |
|
| 300 | _a480 sayfa; 25 cm. | ||
| 336 |
_ametin _btxt _2rdacontent |
||
| 337 |
_aaracısız _bn _2rdamedia |
||
| 338 |
_acilt _bnc _2rdacarrier |
||
| 490 | 1 |
_aAyizi Yayınları ; _v37. |
|
| 490 | 1 |
_aEdebiyat Dizisi ; _v17. |
|
| 650 | 0 |
_aTürk edebiyat--Roman. _958523 |
|
| 830 | 1 |
_aAyizi Yayınları ; _v37. _9100491 |
|
| 830 | 1 |
_aEdebiyat Dizisi ; _v17. _96281 |
|
| 907 | _aRoman | ||
| 942 |
_2lcc _cBK |
||
| 999 |
_c53791 _d53791 |
||